000
00214nam a2200097Ia 4500
008
120527s9999 xx 000 0 und d
100
_a
Hunt A. et al.
245
_a
Foucault and law.
260
_b
Pluto
942
_c
BK
999
_c
19272
_d
19272